|
|
|
|
| LEADER |
00903nam a2200193 a 4500 |
| 008 |
091123r1999 ii a b 001 0 eng d |
| 020 |
|
|
|a 8121905311
|
| 082 |
0 |
0 |
|a 330
|2 21
|
| 100 |
1 |
|
|a Dewett, Kewal Krishan.
|
| 245 |
0 |
0 |
|a Modern economic theory /
|c Kewal Krishan Dewett and Adarsh Chand.
|
| 260 |
|
|
|a New Delhi :
|b Shyam Lal Charitable Trust,
|c 1999 [reprinted].
|
| 300 |
|
|
|a xvi, 741 p. :
|b ill. ;
|c 24 cm.
|
| 504 |
|
|
|a Includes bibliographical references and index.
|
| 541 |
1 |
|
|e 00010913
|
| 650 |
|
0 |
|a Economics.
|
| 852 |
4 |
|
|a Ayesha Abed Library
|j General shelf
|
| 999 |
|
|
|c 6129
|d 6129
|
| 952 |
|
|
|0 0
|1 0
|2 ddc
|4 0
|6 330_DEW_199900000000000
|7 0
|9 6119
|a BRACUL
|b BRACUL
|c GEN
|d 2009-12-15
|g 195.00
|l 0
|o 330 DEW
|p 3010010913
|r 2009-12-15
|t 1
|v 390.00
|w 2009-12-15
|y BK
|
| 952 |
|
|
|0 0
|1 0
|2 ddc
|4 0
|6 330_DEW_199900000000000
|7 0
|9 7632
|a BRACUL
|b BRACUL
|c GEN
|d 2010-01-31
|l 1
|m 8
|o 330 DEW
|p 3010010914
|r 2014-03-19
|s 2014-02-09
|t 2
|w 2010-01-31
|y BK
|